| 000 | 00800cac a2200253 a 4500 | ||
|---|---|---|---|
| 003 | Co-PeBPM | ||
| 005 | 20260203130240.0 | ||
| 008 | 231129e1992||||ck adk||||||||||| ||spa|| | ||
| 020 | _a8428319391 | ||
| 040 | 0 |
_aCo-PeBPM _bspa _cCo-PeBPM _erda |
|
| 041 | _aspa | ||
| 082 | 0 | 4 |
_a513.5 F385s _222 |
| 100 | 1 |
_aFerrer Muñoz , José Luis _eautor |
|
| 245 | 1 | 0 |
_aSistema diedrico _c/ Jose Luis Ferrer Muñoz |
| 260 |
_aMadrid, España _b: Paraninfo _c, 1992 |
||
| 300 |
_a172 páginas _b: incluye ilustraciones a blanco y negro _c; 25 centímetros |
||
| 500 | _aIncluye índice. | ||
| 650 | 1 | 4 |
_aGeometría _2LEMB |
| 650 | 1 | 4 |
_aSistema diédrico _2LEMB |
| 650 | 1 | 4 |
_aGeometría descriptiva _2LEMB |
| 650 | 1 | 4 |
_aPerspectiva _2LEMB |
| 942 |
_2ddc _cBK |
||
| 999 |
_c24668 _d24668 |
||